000 00707nam a2200289Ia 4500
005 20260324131122.0
008 008 260324s9999 xx 000 0 eng d
020 _a9780203025475
037 _aEBOOK
040 _aCRL
040 _beng
040 _cCRL
041 _2eng
041 _aeng
084 _qCRL
100 _aHarry Paul; Richard B. Ulman
_91184288
245 4 _aThe Self Psychology of Addiction and its Treatment
245 0 _bNarcissus in Wonderland
260 _bTaylor and Francis
260 _c2006
365 _a
365 _b195
856 _uhttp://www.taylorfrancis.com/books/9780203025475
942 _cEBOOK
999 _c1781175
_d1781175